| 000 | 00706nam a22002057a 4500 | ||
|---|---|---|---|
| 999 |
_c20110 _d20110 |
||
| 005 | 20180313112108.0 | ||
| 008 | 180313b ck ||||| |||| 00| 0 spa d | ||
| 040 |
_aCO-BoIAVH _cCO-BoIAVH |
||
| 041 | _aspa | ||
| 044 | _ack | ||
| 090 |
_aFG- _b0237 |
||
| 110 | 2 | _aFundación Zoológica de Cali | |
| 245 | 1 | 0 |
_aArcoiris al viento: _bmariposas de colombia, libro para colorear |
| 260 |
_aCali: _bCVC: _bFondo para la Acción Ambiental Colombia, _c. |
||
| 300 |
_a24 páginas, _bfolleto con ilustraciones a blanco y negro para colorear |
||
| 590 | _aFaltan las hojas 11, 12, 13 y 14 | ||
| 650 | 0 |
_aMariposas _xciclo de vida |
|
| 650 | 0 |
_aMariposas _xfamilias |
|
| 942 |
_2z _cFolleto |
||